Największe miasta Europy w 1700 roku - Statystyki

Ogólne statystyki
  • Ten quiz został rozwiązany 27 067 razy
  • Średni wynik to 10 z 17
Statystyki odpowiedzi
Ludność Miasto % Poprawnych
500 000 Paryż
96%
550 000 Londyn
93%
150 000 Moskwa
92%
100 000 Madryt
88%
130 000 Rzym
87%
700 000 Konstantynopol
69%
100 000 Wiedeń
69%
188 000 Lizbona
60%
120 000 Mediolan
55%
180 000 Amsterdam
53%
215 000 Neapol
46%
100 000 Marsylia
38%
138 000 Wenecja
38%
100 000 Gdańsk
36%
100 000 Lyon
35%
100 000 Belgrad
24%
100 000 Sarajewo
12%
Nie znaleziono quizów pasujących do podanych kryteriów
Rozkład punktacji
Procent ludzi z każdym wynikiem
Percentyl według liczby udzielonych odpowiedzi
Twoja historia wyników
Nie rozwiązałeś tego quizu